Dieter Roth : graphic works : catalogue raisonné 1947-1998 /

Bibliographic Details
Main Author: Roth, Dieter, 1930-1998
Other Authors: Dobke, Dirk
Format: Book
Language:English
Published: London : Edition Hansjörg Mayer ; 2003.
Subjects:

MARC

Tag First Indicator Second Indicator Subfields
LEADER 00000cam a2200000Ia 4500
001 in00001787913
005 20151025130532.0
008 031103s2003 enka 001 0 eng d
020 |a 0500976244 
035 |a (OCoLC)ocm53338594 
040 |a LPU  |c LPU  |d TXA  |d UtOrBLW 
049 |a TXAM 
090 |a N7153.R67  |b A4 2003 
100 1 |a Roth, Dieter,  |d 1930-1998. 
245 1 0 |a Dieter Roth :  |b graphic works : catalogue raisonné 1947-1998 /  |c curated by Dirk Dobke. 
246 1 0 |a Graphic works 
264 1 |a London :  |b Edition Hansjörg Mayer ;  |c 2003. 
264 2 |a New York :  |b Distributed in the United States and Canada by Thames & Hudson, 
300 |a 339 pages :  |b illustrations (some color) ;  |c 31 cm. +  |e 1 color numbered plate in inside back pocket. 
336 |a text  |b txt  |2 rdacontent 
337 |a unmediated  |b n  |2 rdamedia 
338 |a volume  |b nc  |2 rdacarrier 
500 |a Includes index. 
600 1 0 |a Roth, Dieter,  |d 1930-1998  |v Catalogues raisonnés. 
700 1 |a Dobke, Dirk. 
948 |a cataloged  |b h  |c 2003/11/19  |d c  |e jgreene  |f 4:01:50 pm 
994 |a E0  |b TXA 
999 |a MARS 
999 f f |s 549a7588-466b-3426-98ab-5fc31b5f5e07  |i a4a19b23-57d1-332c-8a92-ca57a35b2ecd  |t 0 
952 f f |p normal  |a Texas A&M University  |b College Station  |c Sterling C. Evans Library  |d Evans: Library Stacks  |t 0  |e N7153.R67 A4 2003  |h Library of Congress classification  |i unmediated -- volume  |m A14830773509 
998 f f |a N7153.R67 A4 2003  |t 0  |l Evans: Library Stacks